Managerial economics : (Record no. 3403)

MARC details
000 -LEADER
fixed length control field 00804cam a2200241 4500
001 - CONTROL NUMBER
control field 4150
005 - DATE AND TIME OF LATEST TRANSACTION
control field 20181127172726.0
008 - FIXED-LENGTH DATA ELEMENTS--GENERAL INFORMATION
fixed length control field 130815s2012 nyua b 001 0 eng
010 ## - LIBRARY OF CONGRESS CONTROL NUMBER
LC control number 2013426777
020 ## - INTERNATIONAL STANDARD BOOK NUMBER
International Standard Book Number 0198075340
100 1# - MAIN ENTRY--PERSONAL NAME
Personal name Salvatore, Dominick.
245 10 - TITLE STATEMENT
Title Managerial economics :
Remainder of title principles and worldwide applications /
Statement of responsibility, etc. Dominick Salvatore.
250 ## - EDITION STATEMENT
Edition statement International seventh edition.
264 #1 - PRODUCTION, PUBLICATION, DISTRIBUTION, MANUFACTURE, AND COPYRIGHT NOTICE
Place of production, publication, distribution, manufacture New Delhi :
Name of producer, publisher, distributor, manufacturer Oxford University Press,
Date of production, publication, distribution, manufacture, or copyright notice 2013.
300 ## - PHYSICAL DESCRIPTION
Extent xxviii, 707 pages ;
Other physical details
Dimensions 24 cm
336 ## - CONTENT TYPE
Content type term text
Source rdacontent
337 ## - MEDIA TYPE
Media type term unmediated
Source rdamedia
338 ## - CARRIER TYPE
Carrier type term volume
Source rdacarrier
500 ## - GENERAL NOTE
General note Includes index.
650 #0 - SUBJECT ADDED ENTRY--TOPICAL TERM
Topical term or geographic name entry element Managerial economics
Form subdivision Case studies.
Topical term or geographic name entry element Managerial economics.
700 1# - ADDED ENTRY--PERSONAL NAME
Personal name Salvatore, Dominick.
Title of a work Managerial economics in a global economy.
Holdings
Withdrawn status Lost status Source of classification or shelving scheme Damaged status Not for loan Collection code Home library Current library Shelving location Serial Enumeration / chronology Inventory number Total Checkouts Full call number Barcode Date last seen Date last checked out Copy number Price effective from Koha item type Date acquired Total Renewals
    Dewey Decimal Classification     Main TEST RTC Library RTC Library Main opac 6968 1 338.50246 SAL 30006869 21/03/2020 05/03/2020 2 27/11/2018 Main    
    Dewey Decimal Classification     Main TEST RTC Library RTC Library Main opac 6980 5 338.50246 SAL 30006912 03/04/2022 29/03/2022 1 27/11/2018 Main 01/03/2021 2
Royal Thimphu College || All Right Reserved